Geography Quiz

Random Geography or World Quiz

'UVWXYZ' Countries by Length Quiz Stats

Quiz Updated Oct 15, 2017

Challenge
Share
Tweet
Embed
Score 0/10 Timer 01:00
9 Plays Today
Length Country/Countries % Correct
6Uganda, Zambia
91.8%
7Ukraine, Uruguay, Vanuatu, Vietnam
91.3%
5Yemen
88.1%
8Zimbabwe
85.2%
13United Kingdom
75%
12United States
74.3%
9Venezuela
65.3%
18United Arab Emirates
63.1%
10Uzbekistan
58.9%
11Vatican City
42.7%

You're not logged in!

Compare scores with friends on all Sporcle quizzes.
Sign Up with Email
OR
Log In

You Might Also Like...

Show Comments

Extras

Top Quizzes Today


Score Distribution

Your Account Isn't Verified!

In order to create a playlist on Sporcle, you need to verify the email address you used during registration. Go to your Sporcle Settings to finish the process.

Report this User

Report this user for behavior that violates our Community Guidelines.

Details: